[Event "Pic d'Anie op 3rd"]
[Site "Pic d'Anie"]
[Date "2006.08.11"]
[Round "6"]
[White "Iwanesko, Alexandre"]
[Black "Soufflet, Jacques"]
[Result "1-0"]
[WhiteElo "1760"]
[BlackElo "1650"]
[PlyCount "77"]
[EventDate "2006.08.07"]
[EventType "swiss"]
[EventRounds "7"]
[EventCountry "FRA"]
[SourceTitle "CBM 113 Extra"]
[Source "ChessBase"]
[SourceDate "2006.09.14"]
[SourceVersion "1"]
[SourceVersionDate "2006.09.14"]
[SourceQuality "1"]

1. c4 c5 2. Nf3 Nc6 3. d4 cxd4 4. Nxd4 Nxd4 5. Qxd4 e6 6. e4 f6 7. Nc3 b6 8. Be2 Bc5 9. Qd3 Ne7 10. 0-0 h5 11. Qg3 g6 12. Nb5 e5 13. Nc3 Kf7 14. Kh1 h4 15. Qd3 d6 16. f4 Bb7 17. fxe5 dxe5 18. Qf3 Qd6 19. Nd5 Nxd5 20. cxd5 Kg7 21. Bd2 Raf8 22. Bc4 Bc8 23. Rac1 f5 24. Bc3 f4 25. h3 g5 26. Rfd1 Rf6 27. Be2 Rg6 28. b4 Be3 29. Bd2 g4 30. hxg4 Bxg4 31. Qxg4 Rxg4 32. Bxg4 Bxd2 33. Rxd2 Rd8 34. Rdc2 Kf8 35. Rc6 Qe7 36. d6 Rxd6 37. Rc8+ Rd8 38. Rxd8+ Qxd8 39. Rc8 1-0